Wsie w Gminie Radków (Świętokrzyskie) - Statystyki

Ogólne statystyki
  • Ten quiz został rozwiązany 53 razy
  • Średni wynik to 7 z 14
Statystyki odpowiedzi
Wieś % Poprawnych
Radków
100%
Kossów
59%
Dzierzgów
54%
Krasów
54%
Bałków
51%
Bieganów
51%
Chycza
51%
Kwilina
46%
Skociszewy
44%
Sulików
44%
Świerków
38%
Nowiny
36%
Brzeście
33%
Ojsławice
26%
Nie znaleziono quizów pasujących do podanych kryteriów
Rozkład punktacji
Procent ludzi z każdym wynikiem
Percentyl według liczby udzielonych odpowiedzi
Twoja historia wyników
Nie rozwiązałeś tego quizu